Central Library OPAC University of Rajshahi

Samudra manthan : (Record no. 44204)

MARC details
000 -LEADER
fixed length control field 00906nam a2200277 a 4500
001 - CONTROL NUMBER
control field 44204
003 - CONTROL NUMBER IDENTIFIER
rucl marc code BD-RjUL
005 - DATE AND TIME OF LATEST TRANSACTION
control field 20211209053821.0
008 - FIXED-LENGTH DATA ELEMENTS--GENERAL INFORMATION
fixed length control field 160714s2013 ii b b 001 0 eng
020 ## - INTERNATIONAL STANDARD BOOK NUMBER
International Standard Book Number 9780198092339
International Standard Book Number 0198092334
035 ## - SYSTEM CONTROL NUMBER
System control number (BD-RjUL)44322
040 ## - CATALOGING SOURCE
Original cataloging agency UkOxU
Language of cataloging eng
Description conventions rda
Transcribing agency UkOxU
Modifying agency BD-RjUL
041 ## - LANGUAGE CODE
Language code of text/sound track or separate title eng
082 ## - DEWEY DECIMAL CLASSIFICATION NUMBER
Edition number 23
Classification number 359.03091823
Author mark and year MOS 2013
100 ## - MAIN ENTRY--PERSONAL NAME
Personal name Mohan, Raja C.
9 (RLIN) 135729
245 10 - TITLE STATEMENT
Title Samudra manthan :
Remainder of title Sino-Indian rivalry in the Indo-Pacific /
Statement of responsibility, etc. C. Raja Mohan.
260 ## - PUBLICATION, DISTRIBUTION, ETC. (IMPRINT)
Place of publication, distribution, etc. New Delhi :
Name of publisher, distributor, etc. Oxford University Press,
Date of publication, distribution, etc. 2013
300 ## - PHYSICAL DESCRIPTION
Pagination xii, 329 p. :
Illustrations ill ;
Size 24 cm.
500 ## - GENERAL NOTE
General note Includes index.
650 #0 - SUBJECT ADDED ENTRY--TOPICAL TERM
Topical term or geographic name as entry element Strategic rivalries (World politics)
9 (RLIN) 135730
651 #0 - SUBJECT ADDED ENTRY--GEOGRAPHIC NAME
Geographic name China
General subdivision Foreign relations
Geographic subdivision India.
9 (RLIN) 135731
Geographic name India
General subdivision Foreign relations
Geographic subdivision China.
9 (RLIN) 129305
Geographic name Indo-Pacific Region
General subdivision Foreign relations.
9 (RLIN) 135732
942 ## - ADDED ENTRY ELEMENTS (KOHA)
Source of classification or shelving scheme Dewey Decimal Classification
Koha item type Books
Holdings
Lost status Source of classification or shelving scheme Damaged status Not for loan Collection code Permanent Location Current Location Shelving location Date acquired Source of acquisition Total Checkouts Full call number Date last seen Copy number Koha item type
  Dewey Decimal Classification     Non-fiction Central Library, University of Rajshahi Central Library, University of Rajshahi   06/10/2015 Fift   359.03091823 MOS 2013 14/07/2016 C-2 Books